Traductions Anglaises de A-Z - Statistiques

Statistiques générales
  • Ce quiz a été pris 1 642 fois
  • Le résultat moyen est 24 sur 26
Statistiques - réponses
Lettre Mot Français Mot Anglais % Correct
A Pomme Apple
100%
C Voiture Car
100%
D Chien Dog
100%
B Livre Book
99%
E Onze Eleven
99%
F Poisson Fish
99%
K Roi King
99%
L Vie Life
99%
N Nuit Night
99%
O Ouvert Open
99%
Y Jaune Yellow
99%
I Glace Ice
98%
H Maison House
97%
M Homme Man
97%
P Prix Price
96%
R Route Road
92%
T Grand Tall
91%
J Veste Jacket
90%
Z Zèbre Zebra
89%
U Licorne Unicorn
88%
W Bois Wood
88%
S Savon Soap
79%
X Xylophone Xylophone
77%
Q Citation Quote
73%
V Vacance Vacation
69%
G Paillette Glitter
56%
Aucun quiz correspondant
Distribution des résultats
% des personnes avec chaque résultat
Percentile par nombre de réponses
Votre historique - résultats
Vous n’avez pas pris ce quiz